Aparakadha (Record no. 134365)

MARC details
000 -LEADER
fixed length control field 00521nam a22002057a 4500
003 - CONTROL NUMBER IDENTIFIER
control field OSt
005 - DATE AND TIME OF LATEST TRANSACTION
control field 20220528064622.0
008 - FIXED-LENGTH DATA ELEMENTS--GENERAL INFORMATION
fixed length control field 220528b |||||||| |||| 00| 0 eng d
040 ## - CATALOGING SOURCE
Transcribing agency SBCL
082 ## - DEWEY DECIMAL CLASSIFICATION NUMBER
Classification number 920.71
Item number NOO-A
100 ## - MAIN ENTRY--PERSONAL NAME
Personal name Nooranad,Suresh
245 ## - TITLE STATEMENT
Title Aparakadha
250 ## - EDITION STATEMENT
Edition statement 3rd
260 ## - PUBLICATION, DISTRIBUTION, ETC.
Place of publication, distribution, etc. Kodungalloor
Name of publisher, distributor, etc. Pulitzer Books
Date of publication, distribution, etc. 2020
300 ## - PHYSICAL DESCRIPTION
Extent 156p.
500 ## - GENERAL NOTE
General note Donated by Suresh Nooranad
630 ## - SUBJECT ADDED ENTRY--UNIFORM TITLE
General subdivision General Stack
650 ## - SUBJECT ADDED ENTRY--TOPICAL TERM
Topical term or geographic name entry element Biography, genealogy & insignia
942 ## - ADDED ENTRY ELEMENTS (KOHA)
Koha item type BOOK
650 ## - SUBJECT ADDED ENTRY--TOPICAL TERM
Source of heading or term History & geography
Holdings
Withdrawn status Lost status Source of classification or shelving scheme Damaged status Not for loan Home library Current library Date acquired Cost, normal purchase price Total Checkouts Full call number Barcode Shelving location Date last seen Price effective from Koha item type
    Dewey Decimal Classification     SB LIBRARY SB LIBRARY 28/05/2022 160.00   920.71 NOO-A 00141734 GENERAL STACK 28/05/2022 28/05/2022 BOOK

Powered by Koha